[Event "BCF-chT3S 1213 (4NCL)"]
[Site "England"]
[Date "2013.02.24"]
[Round "6.195"]
[White "Hopkins, Phil"]
[Black "Guo Yuthok, Sherab"]
[Result "0-1"]
[WhiteElo "2032"]
[BlackElo "1973"]
[PlyCount "62"]
[EventDate "2012.11.03"]
[EventType "team-swiss"]
[EventRounds "6"]
[EventCountry "ENG"]
[SourceTitle "EXT 2014"]
[Source "ChessBase"]
[SourceDate "2013.11.20"]
[SourceVersion "1"]
[SourceVersionDate "2013.11.20"]
[SourceQuality "1"]
[WhiteTeam "Anglian Avengers III"]
[BlackTeam "Cambridge III"]
[WhiteTeamCountry "ENG"]
[BlackTeamCountry "ENG"]

1. d4 Nf6 2. g3 g6 3. Bg2 Bg7 4. e4 d6 5. Nd2 0-0 6. h3 c5 7. c3 Nc6 8. Ngf3 Rb8 9. 0-0 b5 10. Qe2 b4 11. Rd1 Qb6 12. dxc5 Qxc5 13. Nb3 Qh5 14. Nfd4 Qxe2 15. Nxe2 Bd7 16. Be3 a5 17. Nf4 Rfc8 18. Rac1 a4 19. Nd4 a3 20. bxa3 bxc3 21. Nfe2 Nxd4 22. Bxd4 Ba4 23. Rd3 c2 24. Nc3 Rc4 25. Nxa4 Rb1 26. Be3 Nxe4 27. Bxe4 Rxe4 28. Nc3 Rxe3 29. fxe3 Rxc1+ 30. Kf2 Rh1 31. Ne2 Rh2+ 0-1

[Event "Oceania zt"]
[Site "Rotorua"]
[Date "2011.01.31"]
[Round "9"]
[White "Guo Yuthok, Sherab"]
[Black "Milligan, Helen"]
[Result "1/2-1/2"]
[WhiteElo "1975"]
[BlackElo "2048"]
[PlyCount "37"]
[EventDate "2011.01.25"]
[EventType "swiss"]
[EventRounds "9"]
[EventCountry "NZL"]
[SourceTitle "CBM 140 Extra"]
[Source "ChessBase"]
[SourceDate "2011.03.01"]
[SourceVersion "1"]
[SourceVersionDate "2011.03.01"]
[SourceQuality "1"]

1. f4 d5 2. Nf3 c6 3. e3 g6 4. Be2 Bg7 5. Nc3 Nf6 6. d3 Bg4 7. Rb1 Nbd7 8. 0-0 0-0 9. Qe1 Bxf3 10. Rxf3 e5 11. Rh3 Re8 12. Qf2 Qe7 13. f5 e4 14. g4 g5 15. d4 h6 16. Rg3 Nh7 17. Rg2 Rad8 18. b4 b5 19. a4 1/2-1/2

[Event "Wch U20 49th"]
[Site "Chotowa"]
[Date "2010.08.13"]
[Round "10"]
[White "Bryan, Mark"]
[Black "Guo Yuthok, Sherab"]
[Result "0-1"]
[WhiteElo "1847"]
[BlackElo "1975"]
[PlyCount "90"]
[EventDate "2010.08.03"]
[EventType "swiss"]
[EventRounds "13"]
[EventCountry "POL"]
[SourceTitle "CBM 137 Extra"]
[Source "ChessBase"]
[SourceDate "2010.09.01"]
[SourceVersion "1"]
[SourceVersionDate "2010.09.01"]
[SourceQuality "1"]

1. e4 e5 2. Nc3 Nc6 3. Bc4 d6 4. d3 h6 5. f4 Nf6 6. h3 Na5 7. Bb3 exf4 8. Bxf4 g5 9. Be3 Bg7 10. Nge2 a6 11. Qd2 c5 12. Rb1 Nxb3 13. axb3 b5 14. Ra1 Bb7 15. Ng3 0-0 16. Nf5 Nh7 17. Nxg7 Kxg7 18. 0-0 Rc8 19. Rf5 f6 20. Ne2 Rc6 21. Ng3 Bc8 22. Rff1 d5 23. Qf2 d4 24. Bd2 Re8 25. Nf5+ Bxf5 26. Qxf5 Rce6 27. Ba5 Qd6 28. Qf2 Nf8 29. Qf5 Re5 30. Qf2 Ng6 31. Bd2 R5e7 32. Rfc1 Ne5 33. Qg3 Qd8 34. Be1 c4 35. b4 Qc8 36. Bd2 Rd8 37. h4 Qc7 38. hxg5 hxg5 39. Kf1 Qd6 40. Rab1 Ree8 41. Ke2 Nxd3 42. Qxd6 Nxc1+ 43. Rxc1 Rxd6 44. Kf3 Rde6 45. Re1 Kg6 0-1

[Event "Wch U20 49th"]
[Site "Chotowa"]
[Date "2010.08.05"]
[Round "3"]
[White "Drnovsek, Nejc"]
[Black "Guo Yuthok, Sherab"]
[Result "0-1"]
[WhiteElo "2173"]
[BlackElo "1975"]
[PlyCount "71"]
[EventDate "2010.08.03"]
[EventType "swiss"]
[EventRounds "13"]
[EventCountry "POL"]
[SourceTitle "CBM 137 Extra"]
[Source "ChessBase"]
[SourceDate "2010.09.01"]
[SourceVersion "1"]
[SourceVersionDate "2010.09.01"]
[SourceQuality "1"]

1. d4 f5 2. g3 Nf6 3. Bg2 g6 4. Nf3 Bg7 5. c4 0-0 6. 0-0 d6 7. Nc3 c6 8. d5 e5 9. dxe6 Bxe6 10. b3 Re8 11. Rb1 h6 12. Nd4 Bf7 13. Bb2 a5 14. h4 Nbd7 15. e3 Nc5 16. Qc2 Nfe4 17. Nde2 g5 18. Nxe4 Nxe4 19. Bxg7 Kxg7 20. Nd4 Qf6 21. Qb2 Bg6 22. Nf3 f4 23. exf4 gxf4 24. Qxf6+ Kxf6 25. Rbd1 fxg3 26. fxg3 Nxg3 27. Rxd6+ Kg7 28. Rd7+ Kg8 29. Rfd1 Ne2+ 30. Kf2 Nc3 31. R1d4 Ne4+ 32. Kg1 Nc5 33. R7d6 Kh7 34. Nd2 Re1+ 35. Kf2 Rae8 36. Bf3 0-1

[Event "Wch U20"]
[Site "Puerto Madryn"]
[Date "2009.10.30"]
[Round "9"]
[White "Decuadro, Sebastian"]
[Black "Guo Yuthok, Sherab"]
[Result "0-1"]
[WhiteElo "2034"]
[BlackElo "1966"]
[PlyCount "44"]
[EventDate "2009.10.22"]
[EventType "swiss"]
[EventRounds "13"]
[EventCountry "ARG"]
[SourceTitle "EXT 2010"]
[Source "ChessBase"]
[SourceDate "2010.11.25"]
[SourceVersion "1"]
[SourceVersionDate "2010.11.25"]
[SourceQuality "1"]

1. e4 e5 2. Nf3 Nc6 3. Bb5 f5 4. d3 fxe4 5. dxe4 Nf6 6. 0-0 d6 7. Nc3 Bg4 8. Qd3 h6 9. Nd5 a6 10. Ba4 Nd7 11. b4 Be7 12. Bb3 Nf8 13. Bb2 Qd7 14. a4 Ne6 15. Qc3 Bd8 16. h3 Bh5 17. Qd3 0-0 18. Nd2 Kh8 19. c3 Bg5 20. b5 Ne7 21. c4 Nc5 22. Qc2 Bxd2 0-1

[Event "Wch U20"]
[Site "Puerto Madryn"]
[Date "2009.10.23"]
[Round "3"]
[White "Cuberli, Emiliano"]
[Black "Guo Yuthok, Sherab"]
[Result "1-0"]
[WhiteElo "2161"]
[BlackElo "1966"]
[PlyCount "53"]
[EventDate "2009.10.22"]
[EventType "swiss"]
[EventRounds "13"]
[EventCountry "ARG"]
[SourceTitle "EXT 2010"]
[Source "ChessBase"]
[SourceDate "2010.11.25"]
[SourceVersion "1"]
[SourceVersionDate "2010.11.25"]
[SourceQuality "1"]

1. d4 d6 2. c4 g6 3. Nc3 Bg7 4. Nf3 Nf6 5. e4 0-0 6. Be2 e5 7. 0-0 Nc6 8. d5 Ne7 9. Ne1 Nd7 10. Nd3 f5 11. f3 Rf7 12. Be3 f4 13. Bf2 g5 14. b4 Ng6 15. c5 Nf6 16. Nb5 Bf8 17. cxd6 cxd6 18. Nxa7 Rxa7 19. Bxa7 Nh5 20. Bf2 Nh4 21. Rc1 Rg7 22. b5 Bh3 23. gxh3 Qd7 24. Kh1 Ng3+ 25. Bxg3 fxg3 26. Rg1 gxh2 27. Kxh2 1-0

[Event "Doeberl Cup Major 47th"]
[Site "Canberra"]
[Date "2009.04.10"]
[Round "1"]
[White "Guo Yuthok, Sherab"]
[Black "Tan, Kevin1111"]
[Result "1-0"]
[WhiteElo "1954"]
[BlackElo "1956"]
[PlyCount "65"]
[EventDate "2009.04.10"]
[EventType "swiss"]
[EventRounds "6"]
[EventCountry "AUS"]
[SourceTitle "CBM 129 Extra"]
[Source "ChessBase"]
[SourceDate "2009.05.05"]
[SourceVersion "2"]
[SourceVersionDate "2009.05.20"]
[SourceQuality "1"]

1. e4 c5 2. Nc3 Nc6 3. f4 g6 4. Nf3 Bg7 5. Bb5 Nd4 6. Bd3 e6 7. 0-0 Ne7 8. b3 a6 9. a4 0-0 10. Ba3 b6 11. Rb1 Nec6 12. Ne2 Nxf3+ 13. Rxf3 Nb4 14. Ng3 Bb7 15. Qe2 h5 16. Nxh5 gxh5 17. Rh3 Nxd3 18. cxd3 d6 19. Qxh5 Re8 20. Bb2 Bxb2 21. Qh6 Bg7 22. Rg3 Kf8 23. Rxg7 Ke7 24. f5 exf5 25. Qg5+ Kd7 26. Qxf5+ Re6 27. Rxf7+ Kc8 28. Qxe6+ Kb8 29. Rd7 Qg5 30. Rf1 Qxd2 31. Rxb7+ Kxb7 32. Qd7+ Kb8 33. Rf8# 1-0

[Event "Queenstown op"]
[Site "Queenstown"]
[Date "2009.01.20"]
[Round "6"]
[White "Guo Yuthok, Sherab"]
[Black "Marner, Gavin"]
[Result "0-1"]
[WhiteElo "1913"]
[BlackElo "2049"]
[PlyCount "146"]
[EventDate "2009.01.15"]
[EventType "swiss"]
[EventRounds "10"]
[EventCountry "NZL"]
[SourceTitle "CBM 128 Extra"]
[Source "ChessBase"]
[SourceDate "2009.03.05"]
[SourceVersion "2"]
[SourceVersionDate "2009.03.25"]
[SourceQuality "1"]

1. e4 c5 2. Nc3 d6 3. f4 Nc6 4. Nf3 g6 5. Bb5 Bg7 6. d3 Bd7 7. 0-0 e6 8. Bxc6 Bxc6 9. Qe1 Ne7 10. Be3 0-0 11. Rb1 b6 12. Bd2 Bb7 13. Ng5 h6 14. Nf3 Nc6 15. Qg3 Bc8 16. Nh4 Nd4 17. Kh1 d5 18. e5 Nf5 19. Nxf5 exf5 20. Ne2 Re8 21. Rfe1 Be6 22. d4 Rc8 23. c3 Qd7 24. Rec1 Qb5 25. Qf3 Qa4 26. Ra1 Qb5 27. Rab1 Qa4 28. Ra1 Qb5 29. c4 dxc4 30. d5 Bxd5 31. Qxd5 Rcd8 32. a4 Rxd5 33. axb5 Rxd2 34. Nc3 Re7 35. Rab1 f6 36. exf6 Bxf6 37. h3 Bxc3 38. bxc3 Ree2 39. Ra1 Rxg2 40. Rxa7 Rh2+ 41. Kg1 Rdg2+ 42. Kf1 Ra2 43. Rxa2 Rxa2 44. Rd1 Rb2 45. Rd6 Rxb5 46. Rxg6+ Kf7 47. Rxh6 Rb3 48. Ke2 b5 49. Rc6 Rxc3 50. Rxc5 b4 51. Rxf5+ Kg6 52. Rb5 b3 53. Kd1 Rxh3 54. Kc1 Rf3 55. Kb2 Rxf4 56. Kc3 Kf6 57. Rc5 Ke6 58. Rh5 Rf5 59. Rh4 Rb5 60. Rh2 Kd5 61. Rg2 Kc5 62. Rb2 Rb7 63. Rh2 Rd7 64. Rh5+ Rd5 65. Rh8 Rd6 66. Kb2 Rd2+ 67. Kc1 Rc2+ 68. Kb1 Kb4 69. Rb8+ Kc5 70. Rh8 Rg2 71. Ka1 Rd2 72. Rh1 Kb4 73. Rh8 Rd1+ 0-1

[Event "Queenstown op"]
[Site "Queenstown"]
[Date "2009.01.17"]
[Round "3"]
[White "Post, Martin J"]
[Black "Guo Yuthok, Sherab"]
[Result "0-1"]
[WhiteElo "2094"]
[BlackElo "1913"]
[PlyCount "72"]
[EventDate "2009.01.15"]
[EventType "swiss"]
[EventRounds "10"]
[EventCountry "NZL"]
[SourceTitle "CBM 128 Extra"]
[Source "ChessBase"]
[SourceDate "2009.03.05"]
[SourceVersion "2"]
[SourceVersionDate "2009.03.25"]
[SourceQuality "1"]

1. e4 d6 2. Nc3 Nf6 3. Bc4 e5 4. d3 Be7 5. Nge2 c6 6. a4 0-0 7. h3 Kh8 8. Ng3 d5 9. Bb3 Na6 10. exd5 cxd5 11. Qf3 Bb4 12. 0-0 Nc5 13. Bg5 Nxb3 14. cxb3 Be6 15. Rfe1 Be7 16. Rxe5 Nd7 17. Bf4 Nxe5 18. Bxe5 f6 19. Bd4 Qd7 20. Re1 Rfe8 21. Nh5 Bf8 22. g4 Bxg4 23. Rxe8 Bxf3 24. Rxa8 Qe7 25. Ng3 Kg8 26. Be3 b6 27. d4 Qb7 28. Rd8 h5 29. h4 Qc7 30. Ra8 Qd7 31. Kf1 Kf7 32. Nb5 Qh3+ 33. Ke1 Bb4+ 34. Bd2 Qe6+ 35. Kf1 Bxd2 36. Rxa7+ Kg6 0-1

[Event "AUS Schools-chT Secondary"]
[Site "Brisbane"]
[Date "2007.12.01"]
[Round "1"]
[White "Wallis, Christopher"]
[Black "Guo Yuthok, Sherab"]
[Result "1-0"]
[WhiteElo "2238"]
[BlackElo "1898"]
[PlyCount "51"]
[EventDate "2007.12.01"]
[EventType "team"]
[EventRounds "5"]
[EventCountry "AUS"]
[SourceTitle "EXT 2010"]
[Source "ChessBase"]
[SourceDate "2010.11.25"]
[SourceVersion "1"]
[SourceVersionDate "2010.11.25"]
[SourceQuality "1"]

1. e4 e5 2. Nf3 Nc6 3. Bb5 d6 4. d4 Bd7 5. 0-0 Nf6 6. Nc3 Be7 7. Re1 0-0 8. Bxc6 Bxc6 9. dxe5 dxe5 10. Qxd8 Rfxd8 11. Nxe5 Bxe4 12. Nxe4 Nxe4 13. Nd3 f5 14. f3 Bc5+ 15. Kf1 Rf8 16. Ke2 Rae8 17. fxe4 Rxe4+ 18. Kf1 Bb6 19. Bd2 c5 20. Nf2 Rh4 21. Bc3 f4 22. Re7 Rf7 23. Re8+ Rf8 24. Re7 Rf7 25. Rxf7 Kxf7 26. h3 1-0

[Event "Canberra ANU op"]
[Site "Canberra"]
[Date "2007.07.30"]
[Round "7"]
[White "Guo Yuthok, Sherab"]
[Black "Mitchell, Simon"]
[Result "1-0"]
[WhiteElo "1857"]
[BlackElo "1473"]
[PlyCount "59"]
[EventDate "2007.07.28"]
[EventType "swiss"]
[EventRounds "7"]
[EventCountry "AUS"]
[SourceTitle "EXT 2010"]
[Source "ChessBase"]
[SourceDate "2010.11.25"]
[SourceVersion "1"]
[SourceVersionDate "2010.11.25"]
[SourceQuality "1"]

1. e4 c5 2. Nc3 d6 3. f4 Nf6 4. Nf3 g6 5. Bc4 Bg4 6. 0-0 Bg7 7. Qe1 Bxf3 8. Rxf3 Nc6 9. Bb5 0-0 10. Bxc6 bxc6 11. d3 Rb8 12. Rb1 Nd7 13. f5 c4 14. dxc4 Ne5 15. Rh3 e6 16. b3 exf5 17. exf5 Re8 18. Qg3 Qf6 19. fxg6 hxg6 20. Bh6 Bxh6 21. Rxh6 Ng4 22. Qxg4 Qxc3 23. Qh4 Qe3+ 24. Kh1 Re4 25. Rh8+ Kg7 26. Qh7+ Kf6 27. Rf1+ Rf4 28. Qh4+ g5 29. Rxf4+ Qxf4 30. Qxf4+ 1-0

[Event "Canberra ANU op"]
[Site "Canberra"]
[Date "2007.07.28"]
[Round "4"]
[White "Caoili, Arianne"]
[Black "Guo Yuthok, Sherab"]
[Result "1-0"]
[WhiteElo "2144"]
[BlackElo "1857"]
[PlyCount "71"]
[EventDate "2007.07.28"]
[EventType "swiss"]
[EventRounds "7"]
[EventCountry "AUS"]
[SourceTitle "EXT 2010"]
[Source "ChessBase"]
[SourceDate "2010.11.25"]
[SourceVersion "1"]
[SourceVersionDate "2010.11.25"]
[SourceQuality "1"]

1. c4 Nf6 2. Nc3 g6 3. e4 d6 4. d4 Bg7 5. Bd3 Nc6 6. Nge2 0-0 7. 0-0 Nh5 8. Be3 e5 9. d5 Ne7 10. Qd2 f5 11. exf5 gxf5 12. f4 Ng6 13. fxe5 dxe5 14. Bh6 Qe7 15. Bxg7 Qxg7 16. Qg5 Nhf4 17. Nxf4 Nxf4 18. Qxg7+ Kxg7 19. Bc2 Bd7 20. Rae1 Rae8 21. b4 Rf6 22. c5 Rg6 23. g3 Nh3+ 24. Kg2 Nf4+ 25. Kh1 Nh5 26. Bxf5 Bxf5 27. Rxf5 Rxg3 28. Ne4 Rh3 29. Rg1+ Kh6 30. Ng5 Kg6 31. Nxh3+ Kxf5 32. Rg5+ Ke4 33. Rxh5 Kd3 34. Rxh7 e4 35. Nf4+ Ke3 36. Rf7 1-0

[Event "Oceania zt"]
[Site "Fiji"]
[Date "2007.05.12"]
[Round "8"]
[White "Guo Yuthok, Sherab"]
[Black "Goundar, Sanmogam"]
[Result "1/2-1/2"]
[WhiteElo "1877"]
[BlackElo "1955"]
[PlyCount "57"]
[EventDate "2007.05.06"]
[EventType "swiss"]
[EventRounds "9"]
[EventCountry "FIJ"]
[SourceTitle "EXT 2010"]
[Source "ChessBase"]
[SourceDate "2010.11.25"]
[SourceVersion "1"]
[SourceVersionDate "2010.11.25"]
[SourceQuality "1"]

1. e4 e6 2. d4 d5 3. e5 c5 4. c3 Nc6 5. Nf3 Bd7 6. Bd3 Nge7 7. 0-0 Ng6 8. Kh1 cxd4 9. cxd4 Be7 10. Nc3 a6 11. a3 0-0 12. g3 Rc8 13. h4 Re8 14. Bg5 Nf8 15. Kg2 h6 16. Be3 f5 17. Rh1 Na5 18. Be2 Nc4 19. Bc1 Nh7 20. Ng1 Rf8 21. Nh3 Be8 22. Nf4 Bf7 23. Bh5 Qe8 24. Bf3 Bd8 25. Qe1 Bb6 26. Ncxd5 Bxd4 27. Nc3 Rc7 28. Nd3 Bh5 29. Bxh5 1/2-1/2

[Event "Oceania zt"]
[Site "Fiji"]
[Date "2007.05.10"]
[Round "7"]
[White "Guo Yuthok, Sherab"]
[Black "Spiller, Paul"]
[Result "1/2-1/2"]
[WhiteElo "1877"]
[BlackElo "2047"]
[PlyCount "50"]
[EventDate "2007.05.06"]
[EventType "swiss"]
[EventRounds "9"]
[EventCountry "FIJ"]
[SourceTitle "EXT 2010"]
[Source "ChessBase"]
[SourceDate "2010.11.25"]
[SourceVersion "1"]
[SourceVersionDate "2010.11.25"]
[SourceQuality "1"]

1. e4 c5 2. Nc3 Nc6 3. f4 e6 4. Nf3 a6 5. d3 d5 6. e5 b5 7. a4 b4 8. Ne2 Nge7 9. Ng3 h5 10. Be3 h4 11. Ne2 Nf5 12. Bf2 Bb7 13. Nc1 Rc8 14. Nb3 Na5 15. Nxa5 Qxa5 16. b3 Be7 17. Be2 g6 18. Qd2 Kf8 19. Ng5 Qc7 20. Nh3 c4 21. d4 cxb3 22. cxb3 Qc3 23. Rb1 Kg7 24. Bg4 Nh6 25. Bf3 a5 1/2-1/2

[Event "Sydney op"]
[Site "Parramatta"]
[Date "2007.04.12"]
[Round "5"]
[White "Broekhuijse, Paul"]
[Black "Guo Yuthok, Sherab"]
[Result "1-0"]
[WhiteElo "2137"]
[BlackElo "1877"]
[PlyCount "51"]
[EventDate "2007.04.10"]
[EventType "swiss"]
[EventRounds "9"]
[EventCountry "AUS"]
[SourceTitle "CBM 117 Extra"]
[Source "ChessBase"]
[SourceDate "2007.05.09"]
[SourceVersion "1"]
[SourceVersionDate "2007.05.09"]
[SourceQuality "1"]

1. d4 Nf6 2. c4 g6 3. Nc3 Bg7 4. e4 d6 5. Nf3 0-0 6. Be2 e5 7. 0-0 Nc6 8. d5 Ne7 9. b4 Nd7 10. Ne1 f5 11. Nd3 Nf6 12. f3 f4 13. c5 g5 14. a4 Rf7 15. Ba3 Bf8 16. b5 Rg7 17. h3 Nh5 18. a5 Rg6 19. b6 axb6 20. axb6 cxb6 21. cxd6 Rxa3 22. Rxa3 Rxd6 23. Nb5 Rh6 24. Nxe5 Ng3 25. d6 Nc6 26. Bc4+ 1-0

[Event "Australian Major op"]
[Site "Tuggeranong"]
[Date "2007.01.05"]
[Round "5"]
[White "Guo Yuthok, Sherab"]
[Black "Yuan, Yi"]
[Result "1-0"]
[WhiteElo "1757"]
[BlackElo "1712"]
[PlyCount "53"]
[EventDate "2007.01.01"]
[EventType "swiss"]
[EventRounds "6"]
[EventCountry "AUS"]
[SourceTitle "EXT 2008"]
[Source "ChessBase"]
[SourceDate "2007.11.25"]
[SourceVersion "1"]
[SourceVersionDate "2007.11.25"]
[SourceQuality "1"]

1. d4 Nf6 2. Nc3 g6 3. e4 d6 4. Bg5 Bg7 5. f4 h6 6. Bh4 0-0 7. Nf3 Nc6 8. Qd2 a6 9. Bd3 Bg4 10. 0-0-0 Bxf3 11. gxf3 Nxd4 12. Qg2 Nh5 13. Nd5 Nf6 14. Nxf6+ exf6 15. Bc4 b5 16. Bd5 c6 17. Rxd4 cxd5 18. Rxd5 Qa5 19. Kb1 Rac8 20. f5 Qb4 21. Rhd1 Rc6 22. Be1 Qa4 23. R1d4 Rc4 24. Bc3 Rfc8 25. b3 Qa3 26. Bb2 Qb4 27. c3 1-0